| 000 | 00372nam a2200133Ia 4500 | ||
|---|---|---|---|
| 008 | 240624s9999 xx 000 0 und d | ||
| 041 | _aeng | ||
| 082 | _a338.8885 ATH | ||
| 100 | _aATHUKORALA PREMA CHANDRA | ||
| 245 | _aMULTINATIONAL ENTERPRISES IN ASIAN DEVEL | ||
| 260 |
_c2007 _aUnited Kingdom _bEdward Elgar |
||
| 300 | _axv, : 282 : p. : cm. ; 23 | ||
| 365 |
_cGBP _b30 |
||
| 999 |
_c27433 _d27433 |
||